000 00830cam a22002774a 4500
001 13702019
005 20180223070405.0
008 040827s2005 nyua b 001 0 eng
010 _a 2004058754
020 _a0071437797
035 _a(DNLM)101228418
040 _aDNLM/DLC
_cDLC
_dDLC
041 _aeng
042 _apcc
060 1 0 _aQS18.2
_bC337 2005
080 _a611 ros
082 0 0 _a611 ros
_222
100 _a6
101 _aana
245 0 0 _aCase files.
_pGross anatomy /
_cEugene C. Toy ... [et al.]
246 3 0 _aGross anatomy
504 _aIncludes bibliographical references and index.
906 _a7
_bcbc
_corignew
_d1
_eocip
_f20
_gy-gencatlg
942 _2ddc
_cBK
999 _c43234
_d43234